Welcome to CU Library Online Public Access Catalogue (OPAC)

The miracle of grace, and other messages / (Record no. 6068)

MARC details
000 -LEADER
fixed length control field 00547nam a2200181 a 4500
001 - CONTROL NUMBER
control field 1000374
005 - DATE AND TIME OF LATEST TRANSACTION
control field 20250530132318.0
008 - FIXED-LENGTH DATA ELEMENTS--GENERAL INFORMATION
fixed length control field 870812s1986 miu 000 0 eng
020 ## - INTERNATIONAL STANDARD BOOK NUMBER
International Standard Book Number 0801056365 (pbk.) :
Terms of availability $5.95
050 00 - LIBRARY OF CONGRESS CALL NUMBER
Classification number BV4253
Item number .L55 1986
082 00 - DEWEY DECIMAL CLASSIFICATION NUMBER
Classification number 252/.0583
Edition information 19
100 2# - MAIN ENTRY--PERSONAL NAME
Personal name Lloyd-Jones, David Martyn.
245 14 - TITLE STATEMENT
Title The miracle of grace, and other messages /
Statement of responsibility, etc. D. Martyn Lloyd-Jones.
260 ## - PUBLICATION, DISTRIBUTION, ETC.
Place of publication, distribution, etc. Grand Rapids, Mich. :
Name of publisher, distributor, etc. Baker Book House,
Date of publication, distribution, etc. c1986.
300 ## - PHYSICAL DESCRIPTION
Extent 115 p. ;
Dimensions 22 cm.
650 #0 - SUBJECT ADDED ENTRY--TOPICAL TERM
Topical term or geographic name entry element Sermons, English.
942 ## - ADDED ENTRY ELEMENTS (KOHA)
Source of classification or shelving scheme Library of Congress Classification
Koha item type Books
Suppress in OPAC No
999 ## -
-- 6068
-- 6068
Holdings
Withdrawn status Lost status Source of classification or shelving scheme Damaged status Not for loan Collection Home library Current library Shelving location Date acquired Total checkouts Full call number Barcode Date last seen Copy number Price effective from Koha item type
    Library of Congress Classification     Non-fiction Undergraduate Library (Christ Temple) Undergraduate Library (Christ Temple) General stacks 05/30/2025   BV 4254 LLO ulct00002762 05/30/2025 1 05/30/2025 Books
© 2023-2024 Copyright: Central University Libraries. All Rights Reserved | Created by: Mahone Tech Office